Planificación familiar en los años 80: desafíos y oportunidades /
Expone las principales opiniones acerca de la planificación familiar en los años 80. Se toma como base para las mismas, aspectos tales como: su importancia para el desarrollo socio-económico, la estrategia para llevarla a la población y la necesidad de que tales objetivos se conviertan en un comprom...
保存先:
| 共著者: | , |
|---|---|
| フォーマット: | テキスト |
| 出版事項: |
New Yor, N.Y.:
FNUAP. FIPF
|
| 主題: | |
| タグ: |
タグ追加
タグなし, このレコードへの初めてのタグを付けませんか!
|
MARC
| LEADER | 00000 a a2200000 04500 | ||
|---|---|---|---|
| 001 | 12782 | ||
| 003 | |||
| 040 | |||
| 020 | |a 0-87834-049-1 | ||
| 022 | |a 0-87834-049-1 | ||
| 090 | |a 016900 | ||
| 110 | |a FNUAP | ||
| 245 | |a Planificación familiar en los años 80: desafíos y oportunidades / |c FNUAP | ||
| 260 | |a New Yor, N.Y.: |b FNUAP. FIPF | ||
| 300 | |a 7; 206 p. | ||
| 300 | |b **no definido** | ||
| 520 | |a Expone las principales opiniones acerca de la planificación familiar en los años 80. Se toma como base para las mismas, aspectos tales como: su importancia para el desarrollo socio-económico, la estrategia para llevarla a la población y la necesidad de que tales objetivos se conviertan en un compromiso político gubernamental y financiero para las organizaciones internacionales. EM/eb | ||
| 650 | |a PLANIFICACION FAMILIAR | ||
| 650 | |a POBLACION | ||
| 650 | |a COMUNIDADES | ||
| 650 | |a PLANIFICACION DEL DESARROLLO | ||
| 650 | |a ANTICONCEPTIVOS | ||
| 650 | |a ADMINISTRACION SOCIAL | ||
| 650 | |a COMUNICACION | ||
| 650 | |a EDUCACION | ||
| 650 | |a INVESTIGACION | ||
| 650 | |a FECUNDIDAD | ||
| 650 | |a PLANIFICACION FAMILIAR | ||
| 650 | |a FECUNDIDAD | ||
| 650 | |a VENTA AL POR MENOR | ||
| 650 | |a MORTALIDAD | ||
| 650 | |a TASA DE NATALIDAD | ||
| 650 | |a AYUDA FINANCIERA | ||
| 710 | |a FIPF | ||
| 999 | |c 13815 |d 13815 | ||



